00508nam a22001692 4500001001100000005001700011008004100028040001500069100003100084245004700115250001300162260005600175300001100231650005300242650004000295852000300335000001178520151217155847.0090108s xx 000 0 eng d aKABUcKABU1 aBedford, F. J.@000016779314aThe Bible in East Africa /cF. J. Bedford. a1st ed. aLondon :bBritish and Foreign Bible Society,c1954. a61 p. 0aBiblexPublication and distribution.@0000167794 0aMissionszAfrica, East.@00001503891